Vista normal
Vista MARC
Entrada Nombre corporativo
Número de registros utilizados en: 42
001 - NÚMERO DE CONTROL
- Campo de control: 2999
003 - IDENTIFICADOR DE NÚMERO DE CONTROL
- Campo de control: ES-MaCES
005 - FECHA Y HORA DE LA ULTIMA MODIFICACION
- Campo de control: 20160125124839.0
008 - ELEMENTOS DE DATOS DE LONGITUD FIJA
- Campo de longitud fija: 121008 | azznnaabn || ana d
035 ## - NÚMERO DE CONTROL DEL SISTEMA
- Número de control del sistema: CES20120001012e
040 ## - FUENTE DE LA CATALOGACIÓN
- Agencia original de catalogación: ES-MaCES
- Idioma de catalogación: spa
- Agencia de transcripción: ES-MaCES
110 1# - ENCABEZAMIENTO--NOMBRE CORPORATIVO
- Nombre corporativo o de jurisdicción como elemento de entrada: España
- Título de una obra: Ley de medidas urgentes para la reforma del mercado laboral
- Lugar de reunión o firma del tratado: 2012
510 1# - TRAZADO VEÁSE ADEMÁS--NOMBRE CORPORATIVO
- Nombre corporativo o jurisdicción como elemento de entrada: España
- Título de una obra: Real Decreto-Ley de medidas urgentes para la reforma del mercado laboral
- Fecha de reunión o firma de tratado: 2012
670 ## - FUENTE DE DATOS ENCONTRADOS
- Fuente de citación: : Ley 3/2012, de 6 de jul., en vigor el 8 jul. 2012
- Información encontrada: : es fruto de la tramitación como proyecto de ley del Real Decreto-Ley 3/2012, de 10 de febrero de medidas urgentes para la reforma laboral
901 ## - CES. DATOS SIRTEX
- ID Sirtex (N5N8): 0001800007650
- 005BIS Sirtex: 201210081125ALORITE

